SZA - Doves In The Wind (ft. Kendrick Lamar) (All Lyrics) - Statistics

General Stats
  • This quiz has been taken 104 times
  • The average score is 274 of 469
Answer Stats
Answer % Correct
I
97%
n****
97%
n****s
97%
n****s,
97%
pussy
93%
(Pussy)
93%
Pussy
93%
pussy,
93%
a
92%
do
92%
the
92%
in
91%
for
89%
no
88%
you
85%
You
85%
you,
85%
deserve
84%
Real
84%
it
82%
it,
82%
when
82%
go
80%
me
80%
me,
80%
me?
80%
mind,
80%
mind
80%
not
78%
see
76%
all
74%
to
74%
lose
73%
Never
73%
never
73%
talk
73%
of
72%
with
70%
your
70%
'bout,
69%
it's
69%
It's
69%
about
68%
Forrest
68%
know,
68%
know
68%
box
66%
him
66%
him?
66%
talking
66%
Come
65%
like
65%
like,
65%
Like
65%
they
65%
and
64%
mean,
64%
whole
62%
without
62%
at
61%
chocolates
61%
Gump
61%
is
61%
Is
61%
so
61%
what
61%
bit
59%
bitches
59%
had
59%
that
59%
up
59%
up,
59%
Jenny
58%
time
58%
right
57%
through
55%
almost
54%
gave
54%
lot
54%
need
54%
now
54%
back
53%
back,
53%
be
53%
can
53%
goin'
53%
just
53%
line
53%
Meaning
53%
more
53%
Sit
53%
relax
51%
relax,
51%
Spend
51%
dine
50%
wind,
50%
wind
50%
blind
49%
Where's
49%
will
49%
doves
47%
are
46%
Attention,
46%
But
46%
colored
46%
face
46%
even
45%
on
45%
watching
45%
we
45%
ain't
43%
over
43%
wine
43%
champ
42%
get
41%
look
41%
try
41%
walls,
41%
always
39%
Double
39%
got
39%
gotta
39%
hey
39%
hey,
39%
undefeated,
39%
Amen
38%
bum
38%
that's
38%
good
36%
heavyweight
36%
would
36%
pushed
35%
ride,
35%
ride
35%
(BEEP)
34%
dick
34%
if
34%
let's
34%
MADtv
34%
too
34%
ways
34%
ease
32%
How
32%
much
32%
fake
31%
fuck
31%
her
31%
many
31%
she
31%
lookin'
30%
really
30%
truth
30%
won't
30%
young
30%
clitoris
28%
day?
28%
disposable?
28%
overcompensate
28%
prisoners,
28%
revengin'
28%
Solana,
28%
speak
28%
think
28%
fingers
27%
gon'
27%
middle
27%
mistaken
27%
trivialize
27%
could
26%
dangerous
26%
facetious,
26%
shade
26%
tell
26%
why,
26%
why
26%
kinda
24%
throw
24%
vibe,
24%
weak
24%
away?
23%
endless
23%
fakes
23%
oh
23%
pump
23%
rather
23%
by
22%
handicap,
22%
times
22%
booty
20%
buddy
20%
calculatin'
20%
feel
20%
insecure
20%
reassure
20%
screw
20%
chains
19%
highkey
18%
I'm
18%
make
18%
Make
18%
beg
16%
caught
16%
Facebooks
16%
give
16%
off
16%
substitute
16%
touch
16%
girl,
15%
one
15%
runnin'
15%
sentiments
15%
feeling
14%
names
14%
open
14%
replaced
14%
rubber
14%
trippin'
14%
bae
12%
before
12%
tryna
12%
find
11%
wanna
11%
wide
11%
bust
9%
'Cause
9%
SZA)
9%
together
9%
crack
8%
nice
8%
only
8%
stop,
8%
you'll
8%
code
7%
headboard
7%
I'll
7%
shit
7%
little
5%
(Such
5%
couldn't
4%
crawl
4%
Unfortunately,
3%
wanted
1%
No matching quizzes found
Score Distribution
Percent of People with Each Score
Percentile by Number Answered
Your Score History
You have not taken this quiz